American theory and french practice : a theoretical rationale for regulating school choice (Record no. 62317)

MARC details
000 -CABECERA
campo de control de longitud fija 00692nam a2200229 a 4500
005 - FECHA Y HORA DE LA ÚLTIMA TRANSACCIÓN
campo de control 20210219152848.0
008 - ELEMENTOS DE LONGITUD FIJA--INFORMACIÓN GENERAL
campo de control de longitud fija 991125n 000 0 eng u
035 ## - NÚMERO DE CONTROL DEL SISTEMA
Número de control de sistema UPN01000063873
100 ## - ASIENTO PRINCIPAL--NOMBRE PERSONAL
Nombre de persona Fowler, Frances C.
222 ## - TÍTULO CLAVE
Título clave EDUCATIONAL ADMINISTRATION QUARTERLY
245 ## - MENCIÓN DE TÍTULO
Título American theory and french practice : a theoretical rationale for regulating school choice
300 ## - DESCRIPCIÓN FÍSICA
Extensión 452-472
362 ## - FECHAS DE PUBLICACIÓN Y/O DESIGNACIÓN SECUENCIAL
Fecha de publicación y/o designación secuencial 1992 28, No. 4
505 ## - NOTA DE CONTENIDO CON FORMATO PREESTABLECIDO
Nota de contenido con formato Febrero 1993
653 0# - TERMINO DE INDIZACION - NO CONTROLADO
Término no controlado ACCIONES EDUCATIVAS (FINANCIAR)
653 0# - TERMINO DE INDIZACION - NO CONTROLADO
Término no controlado ELECCION ESCOLAR
653 0# - TERMINO DE INDIZACION - NO CONTROLADO
Término no controlado PLURALISMO CULTURAL
653 0# - TERMINO DE INDIZACION - NO CONTROLADO
Término no controlado POLITICA EDUCATIVA
653 0# - TERMINO DE INDIZACION - NO CONTROLADO
Término no controlado RELACION TEORIA-PRACTICA
904 ## - ELEMENTOS DE DATOS D LOCAL, LDD (RLIN)
a AC
b 001684
905 ## - TIPO DE MATERIAL
Tipo de material Articulo

No items available.